000 00301nam a22001337a 4500
008 181029b xxu||||| |||| 00| 0 eng d
020 _a9780816019939
041 _aeng
080 _a910
100 _a42
101 _aGJEO
245 _aThe Atlas of Natural Wonders
_cMathews, R.O
942 _2udc
_cBK
999 _c51054
_d51054